Die teuersten Fußballtransfers - Niederländische Fußballer - Statistiken

Allgemein
  • Dieses Quiz wurde 91 mal gespielt
  • Das Durchschnittsergebnis liegt bei 8 aus 10
Antwortstatistiken
Ablöse (M €) Saison Abgebender Verein Aufnehmender Verein Spieler % Korrekt
86,00 2019-2020 Ajax Amsterdam BarcelonaFC Frenkie de Jong
99%
40,00 2023-2024 VfL Wolfsburg Tottenham Micky van de Ven
95%
85,50 2019-2020 Ajax Amsterdam Juventus Turin Matthijs de Ligt
94%
67,00 2022-2023 Juventus Turin Bayern München Matthijs de Ligt
94%
84,65 2017-2018 Southampton FC Liverpool Virgil van Dijk
92%
42,00 2022-2023 PSV Eindhoven FC Liverpool Cody Gakpo
77%
40,00 2023-2024 Bayern München FC Liverpool Ryan Gravenberch
76%
45,30 2020-2021 Bournemouth Manchester City Nathan Aké
73%
39,00 2020-2021 Ajax Amsterdam Manchester United Donny van de Beek
56%
40,00 2023-2024 Ajax Amsterdam FC Arsenal Jurrien Timber
53%
Keine übereinstimmenden Quizze gefunden
Verteilung der Resultate
Anzahl Personen mit jedem Resultat
Perzentil nach korrekt beantworteten Fragen
Ihre Resultats-Entwicklung
Sie haben dieses Quiz noch nicht gespielt